Sơ đồ hạch toán bài tập và lập báo cáo tài chính doanh nghiệp : 251 sơ đồ hạch toán kế toán

Sách hướng dẫn và phản ánh tất cả các phần hành hạch toán kế toán theo từng tài khoản, theo từng nội dung nghiệp vụ kinh tế phát sinh, từ hạch toán chi tiết đến hạch toàn tổng hợp và theo từng ngành kinh tế (công nghiệp, xây lắp, kinh doan...

Celý popis

Uloženo v:
Podrobná bibliografie
Hlavní autor: Phạm, Xuân Lực
Médium: Kniha
Jazyk:Undetermined
Vydáno: Hà Nội Thống Kê 1997
Témata:
Tagy: Přidat tag
Žádné tagy, Buďte první, kdo otaguje tento záznam!
Thư viện lưu trữ: Trung tâm Học liệu Trường Đại học Cần Thơ
LEADER 01185nam a2200205Ia 4500
001 CTU_16889
008 210402s9999 xx 000 0 und d
082 |a 658.1511 
082 |b L552/T.1 
100 |a Phạm, Xuân Lực 
245 0 |a Sơ đồ hạch toán bài tập và lập báo cáo tài chính doanh nghiệp : 
245 0 |b 251 sơ đồ hạch toán kế toán 
245 0 |c Phạm Xuân Lực, Nguyễn Văn Nhiệm 
260 |a Hà Nội 
260 |b Thống Kê 
260 |c 1997 
520 |a Sách hướng dẫn và phản ánh tất cả các phần hành hạch toán kế toán theo từng tài khoản, theo từng nội dung nghiệp vụ kinh tế phát sinh, từ hạch toán chi tiết đến hạch toàn tổng hợp và theo từng ngành kinh tế (công nghiệp, xây lắp, kinh doanh hàng hóa và lao vụ, dịch vụ...). Trong từng sơ đồ hạch toán đều có số liệu ví dụ minh họa 
650 |a Managerial accounting 
904 |i Nguyên sửa 
980 |a Trung tâm Học liệu Trường Đại học Cần Thơ